Atlas historico de Espana y Portugal : desde el paleolotico hasta el siglo XX

Saved in:
Bibliographic Details
Main Author: Lopez-Davalillo Larrea, Julio
Format: Book
Language:Spanish
Published: Madrid : Editorial Sntesis, 1999
Subjects:
Tags: Add Tag
No Tags, Be the first to tag this record!

MARC

LEADER 00000cam a2200000 i 4500
001 1/22597
008 060123s1999 spa d
020 |a 84-7738-655-2 
035 |l 10082185 
040 |a GR-MY-UA  |b gre  |e aacr 
041 0 |a spa 
082 0 |a 911.46  |2 (22) 
100 1 |a Lopez-Davalillo Larrea, Julio. 
245 1 0 |a Atlas historico de Espana y Portugal :  |b desde el paleolotico hasta el siglo XX /  |c Julio Lopez-Davalillo Larrea 
260 |a Madrid :   |b Editorial Sntesis,   |c 1999 
300 |a 223 σ.;  |b έγχρ. χαρτ.;  |c 24 εκ. 
504 |a Περιέχει βιβλιογραφικές παραπομπές και ευρετήριο 
651 0 |a Spain  |x Historical geography. 
651 0 |a Spain  |x Historical geography  |x Maps. 
651 0 |a Portugal  |x Historical geography. 
651 0 |a Portugal  |x Historical geography  |x Maps. 
852 |a INST  |b LESVOS  |e 20060123  |h 911.46 LOP  |p 005100027945  |q 005100027945  |t BK  |y 0 
901 |a BIBL1-2006-1 
909 |a Λ  |b 118654 
970 |a ΤΖΑΦΕΡΗ  |b ΕΥΑΓΓΕΛΙΑ  |z 2006/01/23